Statistiques concernant Pays avec le plus d'avions de combat

Cliquez ici pour prendre le quiz!

Statistiques générales

  • Ce quiz a été pris 403 fois
  • Le résultat moyen est 15 sur 20

Statistiques - réponses

Nombre d'avionsPays% Correct
2 314Chine
100%
249France
100%
3 625États-Unis
99%
1 186Russie
99%
232Allemagne
93%
756Inde
92%
188Espagne
90%
399Japon
89%
216Italie
87%
538Corée du Sud
78%
564Corée du Nord
76%
301Iran
72%
301Turquie
72%
389Pakistan
66%
368Arabie Saoudite
64%
315Israël
62%
306Égypte
61%
245Grèce
41%
164Syrie
34%
417Taïwan
33%

Distribution des résultats

Percentile par nombre de réponses

% des personnes avec chaque résultat

Votre développement - résultats

Vous n’avez pas pris ce quiz